| 000 | 00830nam a2200253 i 4500 | ||
|---|---|---|---|
| 001 | 16244 | ||
| 003 | ES-MaACL | ||
| 005 | 20230906151254.0 | ||
| 007 | t| | ||
| 008 | 000818s1997 sp ||||1| spa d | ||
| 020 | _a84-85081-41-2 | ||
| 080 | _a1 Nietzsche, Friedrich | ||
| 100 | 1 |
_aDerrida, Jacques. _943797 |
|
| 245 | 1 | 0 |
_aEspolones _b: los estilos de Nietzsche / _cJacques Derrida; versión castellana de Manuel Arranz Lázaro. |
| 250 | _a2ª ed. | ||
| 260 |
_aValencia : _bPre-Textos, _c1997. |
||
| 300 |
_a98 p. ; _c19 cm. |
||
| 490 | 1 |
_aPre-textos ; _v40. _aEnsayo |
|
| 600 | 1 | 4 |
_aNietzsche, Friedrich, _d1844-1900- _xCrítica e interpretación _985721 |
| 700 | 1 |
_aArranz, Manuel. _923217 |
|
| 830 | 0 |
_aPre-textos ; _v40. _aEnsayo _9179721 |
|
| 852 |
_aES-MaACL _jL-23532 _bR.128823 |
||
| 999 |
_c16244 _d16244 |
||